Central Library OPAC University of Rajshahi

Medicinal chemistry/ (Record no. 74809)

MARC details
000 -LEADER
fixed length control field 00899nam a2200301 a 4500
001 - CONTROL NUMBER
control field 74809
003 - CONTROL NUMBER IDENTIFIER
rucl marc code BD-RjUL
005 - DATE AND TIME OF LATEST TRANSACTION
control field 20211209082615.0
008 - FIXED-LENGTH DATA ELEMENTS--GENERAL INFORMATION
fixed length control field 181208s1960 nyua b 000 0 eng
035 ## - SYSTEM CONTROL NUMBER
System control number OCLC ocm00416578 from D971020M
System control number (BD-RjUL)75027
040 ## - CATALOGING SOURCE
Original cataloging agency DLC
Transcribing agency DLC
Modifying agency CIM
-- UKM
-- NLM
-- EQO
-- BD-RjUL
Language of cataloging eng
041 ## - LANGUAGE CODE
Language code of text/sound track or separate title eng
060 00 - NATIONAL LIBRARY OF MEDICINE CALL NUMBER
Classification number QV 744
Item number B954m 1960
082 00 - DEWEY DECIMAL CLASSIFICATION NUMBER
Edition number 23
Classification number 615.7
Author mark and year BUM 19
100 1# - MAIN ENTRY--PERSONAL NAME
Personal name Burger, Alfred,
Dates associated with a name 1905-2000
9 (RLIN) 225687
245 10 - TITLE STATEMENT
Title Medicinal chemistry/
Statement of responsibility, etc. Alfred Burger
260 ## - PUBLICATION, DISTRIBUTION, ETC. (IMPRINT)
Place of publication, distribution, etc. New York :
Name of publisher, distributor, etc. Interscience Publishers,
Date of publication, distribution, etc. 1960.
300 ## - PHYSICAL DESCRIPTION
Pagination 642 p.[?]
Illustrations illus.
Size 26 cm.
504 ## - BIBLIOGRAPHY, ETC. NOTE
Bibliography, etc Includes bibliography.
650 #0 - SUBJECT ADDED ENTRY--TOPICAL TERM
Topical term or geographic name as entry element Pharmaceutical chemistry.
9 (RLIN) 225688
Topical term or geographic name as entry element Chemotherapy.
9 (RLIN) 225689
Topical term or geographic name as entry element Chemistry, Pharmaceutical
9 (RLIN) 225690
942 ## - ADDED ENTRY ELEMENTS (KOHA)
Source of classification or shelving scheme Dewey Decimal Classification
Koha item type Books
Holdings
Lost status Source of classification or shelving scheme Damaged status Not for loan Collection code Permanent Location Current Location Shelving location Date acquired Source of acquisition Cost, normal purchase price Total Checkouts Full call number Date last seen Copy number Koha item type
  Dewey Decimal Classification   Not For Loan Non-fiction Central Library, University of Rajshahi Central Library, University of Rajshahi Reading Room 25/01/1961 Lahore Mirza Book 137.50   615.7 BUM 1960 08/12/2018 C-1 Books